LEADER 01918nam0 2200409 i 450 001 VAN00103225 005 20240806100722.610 017 70$2N$a978-3-319-02084-6 100 $a20151028d2014 |0itac50 ba 101 $aeng 102 $aCH 105 $a|||| ||||| 200 1 $aˆThe ‰contribution of young researchers to Bayesian statistics$eproceedings of BAYSM2013$fEttore Lanzarone, Francesca Ieva editors 210 $aCham$cSpringer$d2014 215 $aX, 214 p.$cill.$d24 cm 410 1$1001VAN00102574$12001 $aSpringer proceedings in mathematics & statistics$1210 $aBerlin [etc.]$cSpringer$d2012-$v63 500 1$3VAN00240387$aˆThe ‰contribution of young researchers to Bayesian statistics$91410205 606 $a62C10$xBayesian problems; characterization of Bayes procedures [MSC 2020]$3VANC028328$2MF 606 $a62F15$xBayesian inference [MSC 2020]$3VANC024528$2MF 606 $a62P10$xApplications of statistics to biology and medical sciences; meta analysis [MSC 2020]$3VANC024649$2MF 610 $aBayes$9KW:K 610 $aBayes theorem$9KW:K 610 $aBayesian Statistics$9KW:K 610 $aDecision sciences$9KW:K 610 $aStochastic processes$9KW:K 620 $aCH$dCham$3VANL001889 702 1$aIeva$bFrancesca$3VANV080557 702 1$aLanzarone$bEttore$3VANV080556 712 $aSpringer $3VANV108073$4650 801 $aIT$bSOL$c20250314$gRICA 856 4 $uhttp://dx.doi.org/10.1007/978-3-319-02084-6$zE-book ? Accesso al full-text attraverso riconoscimento IP di Ateneo, proxy e/o Shibboleth 899 $aBIBLIOTECA CENTRO DI SERVIZIO SBA$2VAN15 912 $fN 912 $aVAN00103225 950 $aBIBLIOTECA CENTRO DI SERVIZIO SBA$d15CONS SBA EBOOK 4636 $e15EB 4636 20191106 996 $aContribution of young researchers to Bayesian statistics$91410205 997 $aUNICAMPANIA